000 01003nam a2200289 i 4500
001 12197
003 KOSZ 005
005 20220407123238.0
008 080413s1962 pl a f 000 0 pol
015 _aPB 1962/5883
040 _aWA N
_cKOSZ 005/RW
_dKOSZ 005/RW
080 _a624
100 1 _aNiepostyn, Dionizy
_eAutor
245 1 0 _aNośność graniczna płyt prostokątnych /
_cDyonizy Niepostyn.
260 _aWarszawa :
_b"Arkady",
_c1962.
300 _a73, [2] s. :
_bil. ;
_c21 cm.
380 _aKsiążki.
490 1 _aBiblioteka Inżynierii i Budownictwa ;
_v1.
504 _aBibliogr. s. [75].
650 4 _aPłyty konstrukcyjne
650 4 _aStan graniczny nośności
658 _aArchitektura i budownictwo
710 2 _aWydawnictwo Arkady
_4pbl.
830 0 _aBIB Biblioteka Inżynierii i Budownictwa
_v1
856 _uhttp://koha.tu.koszalin.pl/cgi-bin/koha/opac-detail.pl?biblionumber=12197
_yKatalog online BPK
942 _2UKD
_cKS
999 _c12197
_d12197